Gazdagon fizet Szeged vörös aranya [kép] /

Elmentve itt :
Bibliográfiai részletek
Szerző: Somogyi Károlyné Neurohr Magdolna
Dokumentumtípus: Cikk
Megjelent: 1964-10-28
Sorozat:Délmagyarország 54 No. 253
Kulcsszavak:Mezőgazdaság fűszerpaprika termesztése Csongrád megye 1964, olaj
Online Access:http://dmarchiv.bibl.u-szeged.hu/64844
LEADER 00564nab a2200157 i 4500
001 delm64844
005 20180927151334.0
008 180927s1964 hu o 0|| hun d
040 |a SZTE Délmagyarország Archívum  |b hun 
041 |a hun 
100 2 |a Somogyi Károlyné Neurohr Magdolna 
245 1 0 |a Gazdagon fizet Szeged vörös aranya   |h [elektronikus dokumentum] :  |b [kép] /  |c  Somogyi Károlyné Neurohr Magdolna 
260 |c 1964-10-28 
300 |a 1 
490 0 |a Délmagyarország  |v 54 No. 253 
695 |a Mezőgazdaság fűszerpaprika termesztése Csongrád megye 1964, olaj